000 00623nam a2200241Ia 4500
003 OSt
005 20221006163906.0
006 a|||||r|||| 00| 0
007 ta
008 221006b |||||||| |||| 00| 0 eng d
024 _a2,361
037 _cTextual
040 _aFML
_cFML
_beng
041 _2eng
_aeng
082 _aNS4416, P4
100 _aReddy Radha Au.
_9676118
245 0 _aKuchipudi
260 _aNew Delhi
_bWisdome Tree
_c2004
300 _a96
_ccm.
700 _a Reddy R Au.
_9676119
942 _hNS4416, P4
_cTEXL
_2CC
999 _c1115642
_d1115642